000 01530cam a2200217 4500
001 L137045
008 070312s2003 xxk f 000 0 eng d
035 _a(Sirsi) u137045
041 0 _aeng
050 0 4 _a333.33 $2 18
110 2 _aSavills
_92020
245 0 0 _aUK Residential Research Bulletin
_bAutumn 2003
_h[electronic resource]
260 _aLondon
_bSavills
_c2003
490 0 _aSavills UK Residential Research Bulletin
_vAutumn 2003
520 _aAdvice and predictions on the UK housing market. Canny investors and home owners should start to consider the long term pressures on the housing market. Out-performance in a low house price growth world will be tricky. Adding space to a home is the best value added option. Cosmetic makeovers do little to add real value. Consideration needs to be paid to the growing cost of constantly rebuilding ageing housing stock and how changing patterns of demand could affect prices for certain property types. In low density suburbia we could see areas where the actual value of a house is lower than the value of the plot the house stands on.
650 2 4 _aSAVILLS UK RESIDENTIAL RESEARCH BULLETIN
651 4 _aUnited Kingdom
_y
690 _aPROPERTY-RESIDENTIAL PROPERTY-RESIDENTIAL PROPERTY MARKET
856 4 8 _uhttps://www.savills.co.uk/research/reports.asp?daterange=2003%2F07%2C2003%2F12%2F31&category=Residential&dateFrom=2003%2F07&dateTo=2003%2F12%2F31&selectedtext=2003%2F07%2C2003%2F12%2F31
_zView the bulletin free of charge at www.savills.co.uk...
942 _n0
999 _c106618
_d106618